Ligne 1 - Réseau MAT - Statistiques

Statistiques générales
  • Ce quiz a été pris 16 fois
  • Le résultat moyen est 14 sur 30
Statistiques - réponses
Ordre Arrêt % Correct
11 Lycée Jacques Cartier
100%
19 Aristide Briand
50%
24 Auberge de Jeunesse
50%
27 Chênes
50%
21 Cottages
50%
30 Croix-Désilles
50%
23 Gambetta
50%
18 Gare-Quai H
50%
4 Île aux Moines
50%
28 IUT
50%
6 La Madeleine
50%
7 Launay Breton
50%
22 Louis Braille
50%
16 Maupertuis-Hopital
50%
12 Mouchoir Vert
50%
5 Moulin
50%
9 Néréides
50%
20 Palais de Justice
50%
28 Paramé Cimetière
50%
26 Paramé Mairie
50%
25 Rousses
50%
2 Saint-Jouan Centre
50%
1 Saint-Jouan Stade
50%
15 Saint-Servan Mairie
50%
17 Talards
50%
14 Ville Pépin
50%
3 Chesnaie
0%
8 La Flaudais
0%
10 Lorette
0%
13 Roulais
0%
Aucun quiz correspondant
Distribution des résultats
% des personnes avec chaque résultat
Percentile par nombre de réponses
Votre historique - résultats
Vous n’avez pas pris ce quiz